LDR 00528naa#a2200169#i#450# 001 EN\\bibl\120861 005 20260604220428.4 011 ## _a1998-6785 100 ## _a20220621b2022####ek#y0engy0150####ca 102 ## _aRU 200 1# _aThe Religious Situation in the Sakhalin Region: the Current Stage _eJournal article 210 1# _aVladivostok _cVladivostok State University _d2022 215 ## _a8 с. 608 ## _aJournal article _2local 675 ## _aВсеобщая история. 94 _z 700 #1 _aPotapova _gNatalia V. 856 4# _aojkum.editorum.ru _u